Представление документа в формате RUSMARC

ПолеНазваниеЗначение
  Тип записи a
  Библиографический уровень a
001 Контрольный номер RU/CBS_UL/BASE/869a4651c2774ceba40cb6f8a223c3af
005 Дата корректировки 20251204105738.7
100 Данные общей обработки __
a Данные общей обработки 20251204 ||| 0rusy0189 ca
101 Язык документа 0_
a Язык текста rus
102 Страна публикации __
a Страна публикации RU
200 Заглавие и сведения об ответственности 1_
a Заглавие Ольга Богданова: "Голубкина всю жизнь посвятила Андрею Миронову"
e Сведения, относящиеся к заглавию [воспоминания актрисы О. Богдановой о коллеге, актрисе Л.Голубкиной]
f Первые сведения об ответственности О. Богданова
g Последующие сведения об ответственности запис. И. Зайчик
300 Общие примечания __
a Общие примечания 16+
461 Уровень набора _0
1 2000
a Коллекция КАРАВАН историй
463 Уровень физической единицы _0
1 2000
a № 11
v С. 60-80 : фот.
1 2101
d 2025
1 001RU/CBS_UL/BASE/5a61e4efe2024224aa8db2220ecf2208
600 Персоналии _1
a Персоналии (Фамилия) Голубкина
b Персоналии (Имя, инициалы) Л.И.
600 Персоналии _1
a Персоналии (Фамилия) Богданова
b Персоналии (Имя, инициалы) О.М.
606 Тематические рубрики 0_
a Основная рубрика Голубкина, Лариса Ивановна (1940-2025)
610 Ключевые слова 0_
a Ключевые слова актрисы, актрисы советские, актрисы российские, актрисы театра и кино, народные артистка РСФСР, воспоминания об актрисах
686 Индексы других классификаций __
2 Код системы rubbk
a Классификационный индекс 85.374(2)
700 Автор _1
a Фамилия Богданова
b Имя (инициалы) О.
801 Источник записи _0
a Страна RU
b Организация МБУК ЦБС г. Ульяновска
c Дата составления 20251204
g Правила каталогизации RCR
801 Источник записи _1
a Страна RU
b Организация МБУК ЦБС г. Ульяновска
c Дата составления 20251204
g Правила каталогизации RCR
901 Тип документа __
t Тип документа b
w Контрольный № источника RU/CBS_UL/BASE/5a61e4efe2024224aa8db2220ecf2208
909 Создатель записи __
a Создатель записи lib1